| 000 | 00387nam a2200157Ia 4500 | ||
|---|---|---|---|
| 008 | 221030s9999 xx 000 0 und d | ||
| 041 | _aEnglish | ||
| 082 |
_a105.23 _bRai |
||
| 100 | _aG. R. Raizada | ||
| 245 | 0 | _aEngineering Colleges Entrance Exam Guide | |
| 260 |
_bArchana Pub _aNew Delhi _c1990 |
||
| 300 | _a420 | ||
| 650 | _aMechanical | ||
| 700 | _aB. C. Malhotra | ||
| 942 | _cBK | ||
| 999 |
_c7436 _d7436 |
||